Cơ sở sinh học vi sinh vật

Trình bày những kiến thức về công nghệ vi sinh và công nghệ sinh học, các quá trình lên men, quang hợp, cố định đạm, các quá trình thông tin di truyền ở vi sinh vật và những vấn đề chủ yếu của miễn dịch học...

Πλήρης περιγραφή

Αποθηκεύτηκε σε:
Λεπτομέρειες βιβλιογραφικής εγγραφής
Κύριος συγγραφέας: Nguyễn, Thành Đạt
Μορφή: Βιβλίο
Γλώσσα:Undetermined
Έκδοση: Hà Nội Đại học Sư phạm Hà Nội 2007
Θέματα:
Ετικέτες: Προσθήκη ετικέτας
Δεν υπάρχουν, Καταχωρήστε ετικέτα πρώτοι!
Thư viện lưu trữ: Trung tâm Học liệu Trường Đại học Cần Thơ
LEADER 00918nam a2200205Ia 4500
001 CTU_140799
008 210402s9999 xx 000 0 und d
020 |c 47000 
082 |a 660.6 
082 |b Đ110/T.2 
100 |a Nguyễn, Thành Đạt 
245 0 |a Cơ sở sinh học vi sinh vật 
245 0 |c Nguyễn Thành Đạt 
260 |a Hà Nội 
260 |b Đại học Sư phạm Hà Nội 
260 |c 2007 
520 |a Trình bày những kiến thức về công nghệ vi sinh và công nghệ sinh học, các quá trình lên men, quang hợp, cố định đạm, các quá trình thông tin di truyền ở vi sinh vật và những vấn đề chủ yếu của miễn dịch học 
650 |a Biotechnology,Công nghệ sinh học 
904 |i Hạ Nguyên 
980 |a Trung tâm Học liệu Trường Đại học Cần Thơ